00512nam a2200193 a 4500001001300000003000900013005001700022008004100039020001000080082001500090100002600105245002400131260004100155300000800196500003500204505002400239650002900263700002600292nice12345678IN_TiNIC20260116012840.0050524s1934 bana grp 000 0 urd  ac10000a297.7bREV aReview Of Religions,  aReview of Religions aBangalorebReview of Religionsc1934 a00p aincludes index and biblioraphy2 aBibliography, Index aIslam-Study and Teaching1 aReview Of Religions,